000 00577nam a2200241 a 4500
001 nice12345678
003 IN_TiNIC
005 20260116012932.0
008 050524s1986 u sa grp 000 0 eng
020 _a
_c100
082 0 0 _a269.2
_bDEL
100 _aDelve, Eric
245 _aTo Boldly Go
260 _aU S A
_bVictor Books
_c1986
300 _a132p
500 _aincludes index and biblioraphy
505 2 _aAppendix a to B, Notes, Summary Sheet
650 _aEvangelistic Work
700 1 _aDelve, Eric
902 _bSRS
942 _cBK
999 _c8964
_d8964